| 000 | 00420nam a22001577a 4500 | ||
|---|---|---|---|
| 003 | OSt | ||
| 005 | 20221103191255.0 | ||
| 008 | 150522b xxu||||| |||| 00| 0 eng d | ||
| 040 | _cBiblioteca Lado V | ||
| 082 |
_a779 _bS194e |
||
| 100 |
_9309 _aSanchez, Juan _edirector |
||
| 245 | _aESFOTO05/ | ||
| 260 |
_c2005 _bESFOTO _aEl Salvador |
||
| 300 |
_a57p. _c16x21cm |
||
| 942 |
_2ddc _c1 _h779 _iS194e _n0 |
||
| 999 |
_c2502 _d2502 |
||